Oldest universities in France - Statistics

General Stats
  • This quiz has been taken 20 times
  • The average score is 9 of 15
Answer Stats
Country at the time Year City % Correct
France 1200 Paris
100%
France 1441 Bordeaux
90%
France 1229 Toulouse
85%
France 1460 Bretagne
80%
Holy roman empire 1621 Strasbourg
80%
France 1289 Montpellier
70%
France 1306 Orléans
60%
Holy roman empire 1409 Aix
55%
France 1432 Caen
50%
France 1548 Reims
50%
France 1303 Avignon
45%
France 1337 Angers
40%
Aragon 1349 Perpignan
35%
Holy roman empire 1423 Dole
30%
France 1431 Poitiers
30%
No matching quizzes found
Score Distribution
Percent of People with Each Score
Percentile by Number Answered
Your Score History
You have not taken this quiz